000 00298nam a2200121Ia 4500
008 160319s9999 xx 000 0 und d
050 _a535.6
050 _bC719
245 _aColors /
260 _aMakati City :
260 _bSterling Paper Products Ent. Inc.
700 _aMga Kulay, added title.
999 _c292001
_d292001